The advantage : (Record no. 7701)
[ view plain ]
| 000 -LEADER | |
|---|---|
| fixed length control field | 00886nam a2200205 a 4500 |
| 020 ## - INTERNATIONAL STANDARD BOOK NUMBER | |
| ISBN | 9780470941522 |
| 020 ## - INTERNATIONAL STANDARD BOOK NUMBER | |
| ISBN | 0470941529 |
| 050 00 - CALL NUMBER | |
| Classification number | HD58.9 |
| Item number | .L465 2012 |
| 100 1# - AUTHOR | |
| Personal name | Lencioni, Patrick, |
| 245 ## - TITLE | |
| Title | The advantage : |
| Remainder of title | why organizational health trumps everything else in business |
| Statement of responsibility, etc | Patrick Lencioni |
| 250 ## - EDITION | |
| Edition statement | First edition. |
| 260 ## - PUBLICATION INFORMATION | |
| Place of publication | : San Francisco : |
| Name of publisher | Jossey-Bass, |
| Year of publication | ©2012. |
| 300 ## - DESCRIPTION | |
| Number of Pages | xvii, 216 pages ; |
| Dimensions | 24 cm. |
| 505 0# - FORMATTED CONTENTS NOTE | |
| Table of Content | The case for organizational health -- The four disciplines model. Discipline 1: Build a cohesive leadership team -- Discipline 2: Create clarity -- Discipline 3: Overcommunicate clarity -- Discipline 4: Reinforce clarity -- The centrality of great meetings -- Seizing the advantage. |
| 650 #0 - SUBJECTS | |
| Topical Term | Organizational effectiveness. |
| 650 #0 - SUBJECTS | |
| Topical Term | Organization. |
| 650 #0 - SUBJECTS | |
| Topical Term | Success in business. |
| 650 #0 - SUBJECTS | |
| Topical Term | Well-being. |
| 942 ## - ADDED ENTRY ELEMENTS (KOHA) | |
| Koha item type | Books |
| Withdrawn status | Lost status | Collection code | Home library | Current library | Shelving location | Date acquired | Source of acquisition | Full call number | Accession Number | Koha item type |
|---|---|---|---|---|---|---|---|---|---|---|
| Reference | Methodist University Library Main | Methodist University Library Main | General Stacks | 16/07/2021 | Donation | HD58.9 .L465 2012 | 8475 | Books |